All 3M cities - Statistics

General Stats
  • This quiz has been taken 78 times
  • The average score is 112 of 175
Answer Stats
Population City % Correct
30.51 million Delhi
95%
17.02 million Kolkata
95%
26.00 million Mumbai
95%
11.25 million Chennai
90%
17.81 million Los Angeles
90%
17.29 million Moscow
90%
22.51 million New York City
90%
7.92 million San Francisco
90%
41.17 million Tokyo
90%
7.84 million Boston
86%
15.92 million Buenos Aires
86%
21.80 million Cairo
86%
7.00 million Dallas
86%
21.02 million Dhaka
86%
6.50 million Houston
86%
31.62 million Jakarta
86%
14.92 million London
86%
6.43 million Madrid
86%
12.00 million Paris
86%
12.95 million Rio De Janeiro
86%
3.55 million Rome
86%
7.06 million Santiago
86%
23.06 million São Paulo
86%
33.95 million Shanghai
86%
19.03 million Beijing
81%
4.37 million Berlin
81%
9.90 million Chicago
81%
5.82 million Detroit
81%
46.96 million Guangzhou
81%
7.72 million Hong Kong
81%
17.93 million Karachi
81%
12.90 million Kinshasa
81%
12.81 million Lahore
81%
26.53 million Manila
81%
6.16 million Miami
81%
17.47 million Osaka
81%
4.36 million Phoenix
81%
3.40 million San Diego
81%
4.29 million Seattle
81%
15.47 million Tehran
81%
5.90 million Alexandria
76%
3.45 million Athens
76%
18.42 million Bangkok
76%
4.42 million Barcelona
76%
4.30 million Casablanca
76%
3.60 million Dakar
76%
6.30 million Dar Es Salaam
76%
18.92 million Lagos
76%
9.92 million Lima
76%
23.18 million Mexico City
76%
6.14 million Milan
76%
11.83 million Nagoya
76%
4.14 million Naples
76%
6.52 million Pune
76%
8.00 million Riyadh
76%
8.21 million Washington D.C.
76%
9.71 million Wuhan
76%
5.90 million Atlanta
71%
12.05 million Bangalore
71%
9.90 million Bogota
71%
3.60 million Denver
71%
5.42 million Dubai
71%
5.40 million Guadalajara
71%
10.52 million Hyderabad
71%
4.91 million Jeddah
71%
4.37 million Kano
71%
6.29 million Khartoum
71%
8.09 million Luanda
71%
5.04 million Monterrey
71%
4.19 million Montreal
71%
7.23 million Philadelphia
71%
5.75 million Saint Petersburg
71%
6.10 million Surabaya
71%
4.28 million Tampa
71%
7.59 million Toronto
71%
3.95 million Algiers
67%
5.10 million Ankara
67%
6.93 million Baghdad
67%
5.10 million Belo Horizonte
67%
4.55 million Chittagong
67%
3.45 million Durban
67%
15.67 million Istanbul
67%
13.00 million Johannesburg
67%
3.50 million Kiev
67%
8.29 million Kuala Lumpur
67%
3.00 million Manchester
67%
4.04 million Medellin
67%
3.15 million Minneapolis
67%
6.00 million Nairobi
67%
3.46 million Orlando
67%
3.60 million Salvador
67%
25.92 million Seoul
67%
6.45 million Surat
67%
3.46 million Yaounde
67%
5.10 million Zhengzhou
67%
5.52 million Abidjan
62%
5.20 million Accra
62%
6.91 million Bandung
62%
4.04 million Brasília
62%
4.20 million Cape Town
62%
9.81 million Chengdu
62%
3.90 million Damascus
62%
3.45 million Douala
62%
3.60 million Fortaleza
62%
3.86 million Hanoi
62%
5.15 million Harbin
62%
4.40 million Kuwait City
62%
4.00 million Medan
62%
4.10 million Porto Alegre
62%
3.10 million Puebla
62%
8.16 million Ahmedabad
57%
5.50 million Amman
57%
3.10 million Birmingham
57%
4.12 million Busan
57%
3.68 million Caracas
57%
8.14 million Chongqing
57%
3.07 million Guatemala City
57%
8.26 million Ho Chi Minh City
57%
4.20 million Kunming
57%
3.18 million Mashhad
57%
3.29 million Nagpur
57%
6.10 million Qingdao
57%
3.90 million Recife
57%
3.97 million Santo Domingo
57%
7.96 million Singapore
57%
4.10 million Urumqi
57%
6.59 million Xi’an
57%
3.90 million Addis Ababa
52%
3.50 million Bamako
52%
4.57 million Changsha
52%
3.00 million Cleveland
52%
5.07 million Cologne / Düsseldorf
52%
3.60 million Faisalabad
52%
3.57 million Ibadan
52%
3.50 million Kanpur
52%
5.00 million Melbourne
52%
6.45 million Nanjing
52%
3.27 million Rotterdam
52%
5.22 million Sydney
52%
9.80 million Taipei
52%
5.80 million The Ruhr
52%
9.90 million Xiamen
52%
3.55 million Abuja
48%
4.40 million Colombo
48%
3.45 million Curitiba
48%
4.30 million Dalian
48%
4.95 million Hefei
48%
3.90 million Jaipur
48%
3.50 million Kampala
48%
8.00 million Shenyang
48%
12.36 million Tianjin
48%
3.60 million Changchun
43%
4.28 million Kabul
43%
3.60 million Lucknow
43%
7.81 million Shantou
43%
5.26 million Wenzhou
43%
3.50 million Zibo
43%
3.18 million Indore
38%
3.30 million Ningbo
38%
4.10 million Taiyuan
38%
5.50 million Yangon
38%
3.27 million Frankfurt
33%
4. 05 million Fuzhou
33%
3.00 million Izmir
33%
4.30 million Jinan
33%
3.49 million Nanning
33%
4.30 million Shijiazhuang
33%
3.90 million Nanchong
29%
3.20 million Port-au-Prince
29%
3.18 million Tashkent
29%
3.10 million Brisbane
24%
3.02 million Kathmandu
24%
3.00 million Kumasi
24%
3.45 million Rawalpindi
24%
3.38 million Guiyang
10%
No matching quizzes found
Score Distribution
Percent of People with Each Score
Percentile by Number Answered
Your Score History
You have not taken this quiz